00777nam a22001931 4500001000700000003000900007005001700016007000300033008004100036016001800077040002100095110003200116245016200148260005200310300002200362852003300384999001900417952014700436130084ES-MaACL20230906193633.0t|180707s1924 sz ||||0| fre d7 zIND9900846882 aM-BN bspa cCDM2 aSociedad de Naciones.9668210aReduction des armements b: debats de la Cinquième Assemblée du 4 au 6 septembre 1924 / cSection d'Information, Secretariat de la Societé des Nations. aGenève : b[s.n, c1924] (fImp. Sonor, S. A) a131 p. ; c18 cm. aES-MaACLj1681-F-16 bR.4987 c130084d130084 001040708Colección_de_folletosaATENEOMbATENEOMcDEPOFd2008-01-17eSCl0o1681-F-16p1135451r2023-02-23 00:00:00w2023-02-23yFOLLETOS